[Event "Osijek op 10th"]
[Site "Osijek"]
[Date "2017.02.25"]
[Round "6"]
[White "Rogulja, Marko"]
[Black "Vidakovic, Mato"]
[Result "0-1"]
[WhiteElo "1468"]
[BlackElo "1838"]
[PlyCount "90"]
[EventDate "2017.02.23"]
[EventType "swiss"]
[EventRounds "7"]
[EventCountry "CRO"]
[SourceTitle "EXT 2019"]
[Source "ChessBase"]
[SourceDate "2018.10.10"]
[SourceVersion "1"]
[SourceVersionDate "2018.10.10"]
[SourceQuality "1"]

1. d4 Nf6 2. c4 e6 3. Nc3 d5 4. Bf4 c6 5. e3 Bd6 6. Bxd6 Qxd6 7. c5 Qc7 8. Bd3 0-0 9. Nf3 Nbd7 10. Qc2 e5 11. Be2 Re8 12. 0-0-0 e4 13. Nd2 Nf8 14. h4 Bg4 15. Bxg4 Nxg4 16. Nf1 Qe7 17. Ng3 Qd7 18. Qe2 b5 19. Nb1 a5 20. h5 h6 21. Rh4 Nf6 22. Rf4 Kh7 23. Nf5 Ne6 24. Rh4 Nxc5 25. dxc5 Qxf5 26. Rf4 Qe5 27. g4 Qe7 28. Qc2 Nd7 29. Rg1 Qxc5 30. Qxc5 Nxc5 31. Rxf7 Nd3+ 32. Kc2 Rf8 33. Rc7 Rac8 34. Ra7 Rxf2+ 35. Nd2 Rcf8 36. Rxa5 Ne5 37. Kc3 Rxd2 38. Kxd2 Nf3+ 39. Kc3 Nxg1 40. Ra6 Rf6 41. a4 bxa4 42. Rxa4 Nf3 43. Ra1 Ne5 44. Rg1 Nc4 45. Re1 Rf3 0-1

[Event "Osijek op 10th"]
[Site "Osijek"]
[Date "2017.02.25"]
[Round "5"]
[White "Vidakovic, Mato"]
[Black "Dragicevic, Ivica"]
[Result "1/2-1/2"]
[WhiteElo "1838"]
[BlackElo "1655"]
[PlyCount "37"]
[EventDate "2017.02.23"]
[EventType "swiss"]
[EventRounds "7"]
[EventCountry "CRO"]
[SourceTitle "EXT 2019"]
[Source "ChessBase"]
[SourceDate "2018.10.10"]
[SourceVersion "1"]
[SourceVersionDate "2018.10.10"]
[SourceQuality "1"]

1. d4 d5 2. Nf3 c6 3. Bf4 Nf6 4. h3 e6 5. e3 Bd6 6. Bxd6 Qxd6 7. a3 Nbd7 8. c3 h6 9. Bd3 0-0 10. Nbd2 c5 11. c4 cxd4 12. Nxd4 Ne5 13. Be2 Bd7 14. 0-0 Rac8 15. Rc1 dxc4 16. Nxc4 Nxc4 17. Bxc4 Qb6 18. Qb3 Qxb3 19. Bxb3 1/2-1/2

[Event "Osijek op 10th"]
[Site "Osijek"]
[Date "2017.02.24"]
[Round "4"]
[White "Dzaferovic, Emir"]
[Black "Vidakovic, Mato"]
[Result "1-0"]
[WhiteElo "1733"]
[BlackElo "1838"]
[PlyCount "73"]
[EventDate "2017.02.23"]
[EventType "swiss"]
[EventRounds "7"]
[EventCountry "CRO"]
[SourceTitle "EXT 2019"]
[Source "ChessBase"]
[SourceDate "2018.10.10"]
[SourceVersion "1"]
[SourceVersionDate "2018.10.10"]
[SourceQuality "1"]

1. e4 e5 2. Nf3 Nc6 3. Bb5 a6 4. Ba4 b5 5. Bb3 Bc5 6. c3 d6 7. h3 Nf6 8. d3 0-0 9. Bg5 h6 10. Bh4 Be6 11. d4 exd4 12. cxd4 Bxb3 13. axb3 g5 14. dxc5 gxh4 15. cxd6 cxd6 16. 0-0 Re8 17. Qc1 Ne5 18. Qxh6 Nxe4 19. Nxh4 Re6 20. Qf4 Nc5 21. Rd1 Qf6 22. Qxf6 Rxf6 23. Nc3 b4 24. Nd5 Rh6 25. Nf5 Rh5 26. Nf6+ Kf8 27. Nxh5 Nxb3 28. Ra4 a5 29. Rxd6 Nc4 30. Rh6 f6 31. Rh8+ Kf7 32. Rxa8 Nxb2 33. R4xa5 Nxa5 34. Rxa5 Nd3 35. Rb5 Ke6 36. Nhg7+ Kd7 37. Rd5+ 1-0

[Event "Bosnjaci op 20th"]
[Site "Bosnjaci"]
[Date "2015.01.03"]
[Round "1"]
[White "Plenkovic, Zdenko"]
[Black "Vidakovic, Mato"]
[Result "1-0"]
[WhiteElo "2390"]
[BlackElo "1863"]
[PlyCount "67"]
[EventDate "2015.01.03"]
[EventType "swiss"]
[EventRounds "9"]
[EventCountry "CRO"]
[SourceTitle "CBM 164 Extra"]
[Source "ChessBase"]
[SourceDate "2015.03.02"]
[SourceVersion "1"]
[SourceVersionDate "2015.03.02"]
[SourceQuality "1"]

1. e4 c5 2. Nf3 d6 3. d4 cxd4 4. Nxd4 Nc6 5. Nc3 a6 6. Bc4 e6 7. 0-0 Nf6 8. Bb3 Be7 9. Kh1 0-0 10. f4 Ne8 11. Be3 Nxd4 12. Bxd4 b5 13. a3 Bb7 14. f5 e5 15. Be3 Bg5 16. Bg1 Nf6 17. Qd3 Qc7 18. Rad1 Rfd8 19. Qg3 Bf4 20. Qf3 Rd7 21. Bf2 Kh8 22. Bh4 Ne8 23. Nd5 Bxd5 24. Bxd5 Rc8 25. c3 Nf6 26. Bxf6 gxf6 27. Rd3 Rg8 28. Qh5 Rg5 29. Qh4 Bxh2 30. Qxh2 Qc8 31. Qh6 Qd8 32. Rh3 Rg7 33. Rff3 Rc7 34. Rfg3 1-0

[Event "Osijek-ch op"]
[Site "Osijek"]
[Date "2014.02.23"]
[Round "7"]
[White "Vidakovic, Mato"]
[Black "Krsticevic, Sinisa"]
[Result "1/2-1/2"]
[WhiteElo "1868"]
[BlackElo "1901"]
[PlyCount "28"]
[EventDate "2014.02.20"]
[EventType "swiss"]
[EventRounds "7"]
[EventCountry "CRO"]
[SourceTitle "CBM 159 Extra"]
[Source "ChessBase"]
[SourceDate "2014.04.24"]
[SourceVersion "1"]
[SourceVersionDate "2014.04.24"]
[SourceQuality "1"]

1. e4 c5 2. Nf3 e6 3. d4 cxd4 4. Nxd4 a6 5. c4 Qc7 6. Bd3 Nc6 7. Be3 Nf6 8. Nc3 Be7 9. 0-0 0-0 10. Rc1 Qd8 11. f4 d6 12. Nxc6 bxc6 13. e5 dxe5 14. fxe5 Nd7 1/2-1/2

[Event "Osijek-ch op"]
[Site "Osijek"]
[Date "2014.02.20"]
[Round "1"]
[White "Miletic, Josip"]
[Black "Vidakovic, Mato"]
[Result "1-0"]
[WhiteElo "2217"]
[BlackElo "1868"]
[PlyCount "63"]
[EventDate "2014.02.20"]
[EventType "swiss"]
[EventRounds "7"]
[EventCountry "CRO"]
[SourceTitle "CBM 159 Extra"]
[Source "ChessBase"]
[SourceDate "2014.04.24"]
[SourceVersion "1"]
[SourceVersionDate "2014.04.24"]
[SourceQuality "1"]

1. e4 e5 2. Nf3 Nc6 3. Bc4 d6 4. d4 exd4 5. Nxd4 Nxd4 6. Qxd4 Qf6 7. Qd3 Be6 8. Nc3 c6 9. Be3 Be7 10. Bd4 Qg6 11. 0-0 Nf6 12. f4 Bxc4 13. Qxc4 0-0 14. Rae1 Ng4 15. h3 c5 16. Nd5 Bh4 17. Bc3 Rae8 18. hxg4 Bxe1 19. Rxe1 Qxg4 20. Bf6 Re6 21. Bc3 Rfe8 22. Nc7 Rg6 23. Re2 Rc8 24. Nd5 Kf8 25. Qb5 b6 26. f5 Rh6 27. Qd7 Re8 28. Nc7 Rb8 29. Ne6+ Kg8 30. Nd8 Re6 31. Qxf7+ Kh8 32. Qf8# 1-0

[Event "Bosnjaci op 15th"]
[Site "Bosnjaci"]
[Date "2010.01.04"]
[Round "3"]
[White "Vidakovic, Mato"]
[Black "Kljako, Damir"]
[Result "0-1"]
[WhiteElo "1881"]
[BlackElo "2171"]
[PlyCount "74"]
[EventDate "2010.01.03"]
[EventType "swiss"]
[EventRounds "9"]
[EventCountry "CRO"]
[SourceTitle "CBM 134 Extra"]
[Source "ChessBase"]
[SourceDate "2010.03.03"]
[SourceVersion "1"]
[SourceVersionDate "2010.03.03"]
[SourceQuality "1"]

1. d4 g6 2. Nf3 Bg7 3. e4 d6 4. Be3 c5 5. c3 cxd4 6. Nxd4 a6 7. Bc4 Nf6 8. f3 0-0 9. Qd2 d5 10. exd5 Nxd5 11. Bh6 e5 12. Bxg7 Kxg7 13. Ne2 Qh4+ 14. Ng3 Qxc4 15. Na3 Qc5 16. Nc2 Nf4 17. 0-0-0 Be6 18. b3 Nc6 19. Ne4 Qa5 20. Kb2 Rad8 21. Qe3 Rxd1 22. Rxd1 Rd8 23. Rxd8 Qxd8 24. Nc5 Qe7 25. g3 Qxc5 26. gxf4 Qxe3 27. Nxe3 exf4 28. Ng2 g5 29. c4 Ne5 30. Ne1 Bd7 31. Kc3 Bc6 32. Kd4 Nxf3+ 33. Nxf3 Bxf3 34. Ke5 Bc6 35. Kd4 g4 36. Kd3 a5 37. a3 h5 0-1